Automatizované systémy řízení v zemědělství Matematické metody v zemědělství

Salvato in:
Dettagli Bibliografici
Autore principale: Jelínek, Jiří
Ente Autore: Vysoká škola ekonomická v Praze. Výrobně ekonomická fakulta
Natura: Libro
Lingua:ceco
Pubblicazione: Praha Vysoká škola ekonomická 1988
Edizione:1. vyd.
Tags: Aggiungi Tag
Nessun Tag, puoi essere il primo ad aggiungerne!!

MARC

LEADER 00000nam a2200000 4500
001 c027878
005 20221219085000.3
041 0 |a cze 
044 |a CZ 
245 1 0 |a Automatizované systémy řízení v zemědělství  |b Matematické metody v zemědělství  |c Jiří Jelínek 
250 |a 1. vyd. 
264 1 |a Praha  |b Vysoká škola ekonomická  |c 1988 
300 |a 163 s. 
100 1 |a Jelínek, Jiří 
710 2 |a Vysoká škola ekonomická v Praze. Výrobně ekonomická fakulta